[Event "Carnaval"]
[Site "Quebec CAN"]
[Date "2000.02.05"]
[Round "3"]
[White "Auger, Bertrand"]
[Black "Gadbois, Patrick"]
[Result "1-0"]
[WhiteElo "2060"]
[BlackElo "1863"]
[PlyCount "66"]
[GameId "2160767911741442"]
[EventDate "2000.02.04"]
[EventType "swiss"]
[EventRounds "5"]
[EventCountry "CAN"]

1. Nf3 d5 2. c4 e6 3. g3 Nf6 4. Bg2 Be7 5. d4 O-O 6. O-O b6 7. Qc2 Nbd7 8. Rd1 Bb7 9. Nc3 c5 10. dxc5 bxc5 11. Nh4 Nb6 12. cxd5 exd5 13. Nf5 Re8 14. Bg5 h6 15. Bxh6 gxh6 16. Nxh6+ Kg7 17. Nf5+ Kf8 18. Qc1 Ng8 19. Ne4 Rc8 20. a4 a5 21. Ra3 d4 22. Ned6 Bxg2 23. Nxc8 Qxc8 24. Nxe7 Rxe7 25. Kxg2 Rxe2 26. Rf3 Nd5 27. Rxd4 Nge7 28. Qh6+ Kg8 29. Qg5+ Kf8 30. Rh4 Ng6 31. Rh7 Ne3+ 32. Rxe3 Rxb2 33. Rf3 Qe6 1-0

[Event "Carnaval"]
[Site "Quebec CAN"]
[Date "2000.02.19"]
[Round "3"]
[White "Saint Amand, Paul jr"]
[Black "Beaudry, Marc-Andre"]
[Result "1/2-1/2"]
[WhiteElo "2171"]
[BlackElo "2052"]
[PlyCount "32"]
[GameId "2160767911741443"]
[EventDate "2000.02.04"]
[EventType "swiss"]
[EventRounds "5"]
[EventCountry "CAN"]

1. e4 e6 2. d4 d5 3. Nd2 Nf6 4. e5 Nfd7 5. f4 c5 6. c3 Nc6 7. Ndf3 cxd4 8. cxd4 Qb6 9. Ne2 f6 10. g3 Bb4+ 11. Nc3 fxe5 12. fxe5 O-O 13. Bf4 Be7 14. Na4 Qa5+ 15. Nc3 Qb6 16. Na4 Qa5+ 1/2-1/2

[Event "Carnaval"]
[Site "Quebec CAN"]
[Date "2000.02.06"]
[Round "4"]
[White "Larochelle, Martial"]
[Black "Beaudry, Marc-Andre"]
[Result "1-0"]
[WhiteElo "2218"]
[BlackElo "2052"]
[PlyCount "77"]
[GameId "2160767911741445"]
[EventDate "2000.02.04"]
[EventType "swiss"]
[EventRounds "5"]
[EventCountry "CAN"]
[SourceTitle "mab"]

1. c4 g6 2. g3 Bg7 3. Bg2 c5 4. Nc3 Nc6 5. a3 e6 6. b4 d6 7. b5 Nd4 8. e3 Nf5 9. Nge2 Nge7 10. Bb2 O-O 11. O-O Rb8 12. d3 d5 13. cxd5 Nxd5 14. Qd2 Nxc3 15. Nxc3 b6 16. Ne4 e5 17. a4 Bb7 18. Rfd1 Qd7 19. Qc2 Rfd8 20. Nc3 Bxg2 21. Kxg2 Qb7+ 22. Ne4 Ne7 23. Kg1 h6 24. Qc4 Nd5 25. a5 Rd7 26. axb6 axb6 27. Ra4 Ra8 28. Rxa8+ Qxa8 29. Ra1 Qd8 30. Ba3 Kh7 31. Rd1 f5 32. Nd2 e4 33. Nb1 Nc7 34. d4 cxd4 35. exd4 Nd5 36. Bc1 g5 37. Qe2 g4 38. Be3 Nb4 39. Nc3 1-0

[Event "Carnaval"]
[Site "Quebec CAN"]
[Date "2000.02.06"]
[Round "5"]
[White "Beaudoin, Stephane"]
[Black "Auger, Bertrand"]
[Result "0-1"]
[WhiteElo "1978"]
[BlackElo "2060"]
[PlyCount "74"]
[GameId "2160767911741446"]
[EventDate "2000.02.04"]
[EventType "swiss"]
[EventRounds "5"]
[EventCountry "CAN"]

1. e4 e6 2. d4 d5 3. Nc3 dxe4 4. Nxe4 Nd7 5. Nf3 Ngf6 6. Nxf6+ Nxf6 7. Bd3 Be7 8. O-O O-O 9. c3 b6 10. Qc2 Bb7 11. Ne5 Qd5 12. f3 c5 13. Bc4 Qd6 14. Be3 Nd5 15. Bxd5 exd5 16. Ng4 f5 17. Ne5 f4 18. Bf2 Bc8 19. Rfe1 c4 20. Qd2 g5 21. Re2 a5 22. Rae1 Bd8 23. g3 Ra7 24. Kh1 Rg7 25. gxf4 gxf4 26. Rg1 Rxg1+ 27. Bxg1 Bh3 28. Qe1 Qh6 29. Ng4 Bxg4 30. fxg4 f3 31. Re6 Qh3 32. Qg3 Qxg3 33. hxg3 f2 34. Bxf2 Rxf2 35. Re8+ Rf8 36. Re5 Bc7 37. Rxd5 Rf2 0-1

[Event "Carnaval U2000"]
[Site "Quebec CAN"]
[Date "2000.02.04"]
[Round "1"]
[White "Robitaille, Denis"]
[Black "Bourassa, Andre"]
[Result "1/2-1/2"]
[WhiteElo "1802"]
[BlackElo "1523"]
[PlyCount "62"]
[GameId "2160767911741447"]
[EventDate "2000.02.04"]
[EventType "swiss"]
[EventRounds "5"]
[EventCountry "CAN"]

1. Nf3 c5 2. g3 d5 3. Bg2 Nf6 4. c4 d4 5. b4 Qc7 6. d3 e5 7. bxc5 Bxc5 8. O-O O-O 9. Nbd2 Nc6 10. Ng5 Bd7 11. Nge4 Nxe4 12. Nxe4 Be7 13. Rb1 f5 14. Ng5 Rae8 15. Bd5+ Kh8 16. Nf7+ Rxf7 17. Bxf7 Rf8 18. Bd5 Nb4 19. Bg2 b6 20. Qb3 Na6 21. Ba3 Nc5 22. Bxc5 Bxc5 23. a4 a5 24. Kh1 f4 25. Qc2 Qd8 26. Rb5 Bxb5 27. cxb5 Rf6 28. Qc4 Qd6 29. Qd5 Qxd5 30. Bxd5 fxg3 31. hxg3 g6 1/2-1/2

[Event "Carnaval U2000"]
[Site "Quebec CAN"]
[Date "2000.02.06"]
[Round "5"]
[White "Bourassa, Andre"]
[Black "Cardin, Guillaume"]
[Result "1/2-1/2"]
[WhiteElo "1524"]
[BlackElo "1707"]
[PlyCount "95"]
[GameId "2160767911741451"]
[EventDate "2000.02.04"]
[EventType "swiss"]
[EventRounds "5"]
[EventCountry "CAN"]

1. d4 f5 2. Nf3 Nf6 3. c4 e6 4. Nc3 Be7 5. e3 O-O 6. Be2 d6 7. O-O Qe8 8. Qc2 b6 9. d5 e5 10. Ng5 Bd8 11. f3 h6 12. Nh3 a5 13. a4 Na6 14. b3 Nc5 15. Nf2 Rf7 16. Nd3 g5 17. Nxc5 bxc5 18. Bd3 Nh7 19. g4 Qf8 20. h3 Rf6 21. Ne2 Qf7 22. Ng3 fxg4 23. Bxh7+ Qxh7 24. Qxh7+ Kxh7 25. fxg4 Rb8 26. Rxf6 Bxf6 27. Ne4 Kg6 28. Nd2 h5 29. gxh5+ Kxh5 30. Kg2 g4 31. hxg4+ Kxg4 32. Kf2 Bf5 33. e4 Bg6 34. Ke2 Rh8 35. Bb2 Rh2+ 36. Kd3 Bg5 37. Rg1+ Kh5 38. Bc3 Bxd2 39. Bxd2 Bxe4+ 40. Ke3 c6 41. Kxe4 cxd5+ 42. Kxd5 Rxd2+ 43. Ke4 Rd4+ 44. Kf5 Kh4 45. Rg7 Rd3 46. Rb7 Kg3 47. Ke4 Rc3 48. Rb6 1/2-1/2

[Event "Charlesbourg CC-ch"]
[Site "Charlesbourg CAN"]
[Date "2000.04.10"]
[Round "4"]
[White "Cote, Jocelyn"]
[Black "Beaudoin, Stephane"]
[Result "1-0"]
[WhiteElo "1772"]
[BlackElo "2019"]
[PlyCount "94"]
[GameId "2160767911732915"]
[EventDate "2000.03.20"]
[EventType "tourn"]
[EventRounds "5"]
[EventCountry "CAN"]

1. e4 e5 2. Nf3 Nc6 3. Bc4 Nf6 4. d3 Be7 5. O-O O-O 6. Nc3 d6 7. h3 h6 8. a3 Be6 9. Nd5 Nd4 10. c3 Nxf3+ 11. Qxf3 Nxd5 12. exd5 Bd7 13. Re1 f5 14. Kh2 Kh7 15. Qe2 Qe8 16. f4 Qg6 17. Qf2 Qh5 18. d4 e4 19. Be2 Qf7 20. c4 Rae8 21. Be3 g5 22. Rf1 g4 23. g3 Rg8 24. Rg1 Qh5 25. Qf1 Rg7 26. a4 Reg8 27. Ra3 Bf6 28. b4 Re7 29. a5 Qg6 30. hxg4 fxg4 31. Rh1 Bf5 32. Kg2 Rge8 33. Qd1 h5 34. Qg1 Kg7 35. Rh2 Rh8 36. Kf1 Kg8 37. c5 Reh7 38. c6 bxc6 39. dxc6 h4 40. Bc4+ Kf8 41. Bf2 hxg3 42. Bxg3 Rxh2 43. Bxh2 Qh5 44. Bg3 Qh3+ 45. Ke2 Qh1 46. Qxh1 Rxh1 47. Bf2 Rc1 1-0

[Event "Charlottetown Invitational"]
[Site "Charlottetown CAN"]
[Date "2000.08.01"]
[Round "1"]
[White "Horton, Joe"]
[Black "Reddy, Tyler"]
[Result "0-1"]
[WhiteElo "2307"]
[BlackElo "2064"]
[PlyCount "82"]
[GameId "2160767911652926"]
[EventDate "2000.08.01"]
[EventType "tourn"]
[EventRounds "11"]
[EventCountry "CAN"]

1. e4 e6 2. d4 d5 3. Nd2 Nf6 4. Bd3 c5 5. c3 Nc6 6. Ngf3 cxd4 7. cxd4 Qb6 8. O-O Nxd4 9. exd5 Nxf3+ 10. Nxf3 Nxd5 11. Ne5 Be7 12. Qh5 g6 13. Bxg6 fxg6 14. Nxg6 Nf6 15. Qh6 Rg8 16. Nxe7 Kxe7 17. Bg5 Rxg5 18. Qxg5 Kf7 19. Rad1 Bd7 20. Qe5 Rg8 21. Rfe1 Qc6 22. g3 h5 23. h4 Qb5 24. Qc7 Nd5 25. Qe5 Nf6 26. Qf4 Rg4 27. Qc7 Qc6 28. Qe5 Qb5 29. b3 Qxe5 30. Rxe5 Bc6 31. Kf1 Bd5 32. Ke2 Ke7 33. Rc1 Kd6 34. Rg5 Rd4 35. f3 Bc6 36. Rg1 e5 37. g4 Bb5+ 38. Ke1 Rd3 39. f4 Re3+ 40. Kd2 Re2+ 41. Kc3 Nd5# 0-1

[Event "Charlottetown Invitational"]
[Site "Charlottetown CAN"]
[Date "2000.08.01"]
[Round "1"]
[White "Hua, Lefong"]
[Black "Urquhart, Eddie"]
[Result "1-0"]
[WhiteElo "2368"]
[BlackElo "2221"]
[PlyCount "77"]
[GameId "2160767911652927"]
[EventDate "2000.08.01"]
[EventType "tourn"]
[EventRounds "11"]
[EventCountry "CAN"]

1. d4 Nf6 2. c4 g6 3. Nc3 d5 4. cxd5 Nxd5 5. e4 Nxc3 6. bxc3 Bg7 7. Nf3 c5 8. Rb1 O-O 9. Be2 Nc6 10. d5 Na5 11. Qd2 Rb8 12. c4 b6 13. Bb2 Bg4 14. Bxg7 Kxg7 15. Qc3+ Kg8 16. h4 f6 17. h5 Kg7 18. Ng5 h6 19. Bxg4 hxg5 20. hxg6 Rh8 21. Rh7+ Rxh7 22. gxh7 Qd6 23. Ke2 Qe5 24. Qxe5 fxe5 25. Rh1 Nxc4 26. Rh5 Kh8 27. Kd3 Nd6 28. Rxg5 c4+ 29. Kc2 Nxe4 30. Rxe5 Nf6 31. Bf3 Re8 32. Re6 Kxh7 33. d6 Kg7 34. Bc6 Kf7 35. Re1 Rd8 36. dxe7 Rc8 37. Bb5 Ne8 38. Kc3 Nd6 39. e8=Q+ 1-0

[Event "Charlottetown Invitational"]
[Site "Charlottetown CAN"]
[Date "2000.08.01"]
[Round "1"]
[White "Langen, Roger"]
[Black "Cooper, Aaron"]
[Result "1/2-1/2"]
[WhiteElo "2214"]
[BlackElo "1985"]
[PlyCount "154"]
[GameId "2160767911652928"]
[EventDate "2000.08.01"]
[EventType "tourn"]
[EventRounds "11"]
[EventCountry "CAN"]

1. e4 g6 2. d4 Bg7 3. Nf3 c6 4. Nc3 d5 5. Be2 dxe4 6. Nxe4 Nd7 7. O-O Ngf6 8. Nxf6+ Nxf6 9. c4 O-O 10. h3 Qc7 11. Be3 b6 12. Qa4 c5 13. dxc5 bxc5 14. Qa3 Rb8 15. Qxc5 Qxc5 16. Bxc5 Ne4 17. Ba3 Bxb2 18. Bxb2 Rxb2 19. Bd1 Rd8 20. Bb3 Nc3 21. Rfe1 Bb7 22. Rxe7 Bxf3 23. gxf3 Nb1 24. Re1 Nd2 25. Re3 Nb1 26. Re1 Nd2 27. Kg2 Rd3 28. Re2 a5 29. c5 Rc3 30. Re7 Nxb3 31. axb3 Rxc5 32. Ra7 Rxb3 33. R7xa5 Rcc3 34. f4 Rxh3 35. f5 Rhf3 36. fxg6 hxg6 37. Ra7 Rf5 38. Re1 Rb2 39. Rf1 Rf4 40. Ra3 Kg7 41. Rf3 Rxf3 42. Kxf3 f5 43. Ra1 Kf6 44. Ra6+ Kg5 45. Ra3 Rb4 46. Kg3 Rg4+ 47. Kf3 Rh4 48. Ra5 Rh3+ 49. Kg2 Rd3 50. Ra4 f4 51. f3 Rd2+ 52. Kh3 Rf2 53. Ra5+ Kf6 54. Kg4 g5 55. Rf5+ Kg6 56. Rxg5+ Kf6 57. Rf5+ Ke6 58. Ra5 Rb2 59. Kxf4 Rg2 60. Ra6+ Ke7 61. Kf5 Rf2 62. Ra7+ Kd6 63. f4 Rf1 64. Rf7 Rf2 65. Rf6+ Ke7 66. Re6+ Kf7 67. Ra6 Ke7 68. Ra4 Rf1 69. Re4+ Kf7 70. Re2 Rf3 71. Rb2 Ke7 72. Rb7+ Kd6 73. Kg4 Rf1 74. f5 Ke5 75. Re7+ Kf6 76. Re6+ Kf7 77. Ra6 Rg1+ 1/2-1/2

[Event "Charlottetown Invitational"]
[Site "Charlottetown CAN"]
[Date "2000.08.01"]
[Round "1"]
[White "MacDonald, Jonathan"]
[Black "Bogle, Bill"]
[Result "1-0"]
[WhiteElo "2136"]
[BlackElo "2239"]
[PlyCount "49"]
[GameId "2160767911652929"]
[EventDate "2000.08.01"]
[EventType "tourn"]
[EventRounds "11"]
[EventCountry "CAN"]

1. e4 d5 2. exd5 Qxd5 3. Nf3 Bg4 4. Be2 Nc6 5. O-O O-O-O 6. Re1 Nf6 7. b4 Nxb4 8. Bb2 e6 9. d4 Qf5 10. Na3 Nbd5 11. Nc4 Nf4 12. Ne3 Nxe2+ 13. Rxe2 Qh5 14. Nxg4 Nxg4 15. h3 Nf6 16. c4 Bd6 17. c5 Bf4 18. Qa4 Nd5 19. Qxa7 Qf5 20. Ba3 Qd3 21. Rb2 Qa6 22. Qxa6 bxa6 23. g3 Bh6 24. Ne5 Rhf8 25. Rab1 1-0

[Event "Charlottetown Invitational"]
[Site "Charlottetown CAN"]
[Date "2000.08.01"]
[Round "1"]
[White "Mayo, Alvah"]
[Black "Gulati, Justin"]
[Result "0-1"]
[WhiteElo "2192"]
[BlackElo "2127"]
[PlyCount "80"]
[GameId "2160767911652930"]
[EventDate "2000.08.01"]
[EventType "tourn"]
[EventRounds "11"]
[EventCountry "CAN"]

1. d4 Nf6 2. Nf3 d5 3. Bf4 e6 4. c3 Be7 5. Nbd2 Nbd7 6. e3 Nh5 7. Bd3 Nxf4 8. exf4 Bd6 9. Ne5 Nf6 10. O-O O-O 11. Qf3 c5 12. g4 g6 13. Rfe1 cxd4 14. cxd4 Qb6 15. Nb3 a5 16. g5 Nh5 17. Qe3 f6 18. Bxg6 Nxf4 19. Bxh7+ Kxh7 20. Qxf4 fxe5 21. Qh4+ Kg8 22. dxe5 Bc5 23. Nxc5 Qxc5 24. g6 Qc7 25. Re3 Qg7 26. Rh3 Bd7 27. Qg4 Rf5 28. f4 Be8 29. Rg3 Rc8 30. Rf1 Rc4 31. Qh4 Bxg6 32. Rff3 Rc1+ 33. Kf2 Rh5 34. Qd8+ Kh7 35. Rh3 Rc2+ 36. Kg1 Rc1+ 37. Kf2 Rc2+ 38. Kg1 Qc7 39. Rxh5+ Bxh5 40. Qg5 Qc5+ 0-1

[Event "Charlottetown Invitational"]
[Site "Charlottetown CAN"]
[Date "2000.08.02"]
[Round "2"]
[White "Bogle, Bill"]
[Black "Langen, Roger"]
[Result "0-1"]
[WhiteElo "2239"]
[BlackElo "2214"]
[PlyCount "40"]
[GameId "2160767911652931"]
[EventDate "2000.08.01"]
[EventType "tourn"]
[EventRounds "11"]
[EventCountry "CAN"]

1. c4 e5 2. Nc3 Nf6 3. Nf3 Nc6 4. d4 exd4 5. Nxd4 Bb4 6. Bg5 h6 7. Bh4 O-O 8. e3 Re8 9. Be2 d6 10. Rc1 g5 11. Bg3 Ne4 12. Bf3 Nxd4 13. Qxd4 Nxc3 14. bxc3 Bc5 15. Qd3 Qf6 16. h4 g4 17. Bd1 Bf5 18. Qd2 Re4 19. O-O Rae8 20. Bf4 Rxf4 0-1

[Event "Charlottetown Invitational"]
[Site "Charlottetown CAN"]
[Date "2000.08.02"]
[Round "2"]
[White "Cooper, Aaron"]
[Black "Hua, Lefong"]
[Result "0-1"]
[WhiteElo "1985"]
[BlackElo "2368"]
[PlyCount "78"]
[GameId "2160767911652932"]
[EventDate "2000.08.01"]
[EventType "tourn"]
[EventRounds "11"]
[EventCountry "CAN"]

1. e4 c5 2. Nc3 Nc6 3. g3 g6 4. Bg2 Bg7 5. d3 d6 6. Be3 Rb8 7. Qd2 b5 8. f4 b4 9. Nd1 Qb6 10. Nf3 a5 11. O-O a4 12. Rb1 Nd4 13. f5 gxf5 14. Nh4 fxe4 15. dxe4 Ba6 16. Re1 e6 17. Nf2 b3 18. axb3 axb3 19. c3 Nc2 20. Red1 Nxe3 21. Qxe3 c4 22. Qe2 Ne7 23. Qh5 Ng6 24. Nf3 Rc8 25. Rd2 Rc5 26. Qh3 O-O 27. Rbd1 Rd8 28. Kh1 Ra5 29. Ng4 h5 30. Nf2 Bxc3 31. bxc3 b2 32. Rb1 Ra1 33. Rdd1 Rxb1 34. Rxb1 Qxf2 35. Qxh5 Qc2 36. Rf1 b1=Q 37. Ng5 Qxf1+ 38. Bxf1 Qf2 39. Qh7+ Kf8 0-1

[Event "Charlottetown Invitational"]
[Site "Charlottetown CAN"]
[Date "2000.08.02"]
[Round "2"]
[White "Eldridge, Mike"]
[Black "MacDonald, Jonathan"]
[Result "1-0"]
[WhiteElo "2058"]
[BlackElo "2136"]
[PlyCount "129"]
[GameId "2160767911652933"]
[EventDate "2000.08.01"]
[EventType "tourn"]
[EventRounds "11"]
[EventCountry "CAN"]

1. Nf3 Nf6 2. g3 b6 3. Bg2 Bb7 4. O-O e6 5. b3 Be7 6. Bb2 c5 7. c4 d6 8. d4 cxd4 9. Nxd4 Bxg2 10. Kxg2 Qc7 11. Nc3 a6 12. e4 Nbd7 13. Qe2 O-O 14. Rad1 Rfe8 15. f4 Bf8 16. Qf3 Nc5 17. Rfe1 Rac8 18. Re2 Rcd8 19. Rde1 g6 20. Nc2 Bg7 21. Ba3 Qb7 22. h3 b5 23. cxb5 axb5 24. e5 Qxf3+ 25. Kxf3 Nd3 26. exf6 Nxe1+ 27. Nxe1 Bxf6 28. Nxb5 Be7 29. Rd2 d5 30. Bxe7 Rxe7 31. a4 e5 32. fxe5 Rxe5 33. Nd3 Rf5+ 34. Kg2 h5 35. Rf2 Rxf2+ 36. Kxf2 Kf8 37. Ke3 Ke7 38. Kd4 g5 39. Ne5 Ke6 40. Nc7+ Kf6 41. Nc6 Rd7 42. Nxd5+ Ke6 43. Nce7 f5 44. b4 f4 45. gxf4 gxf4 46. Ke4 f3 47. Kxf3 Ke5 48. b5 Kd4 49. b6 Kc5 50. Ke4 Rb7 51. Ke5 Rb8 52. Ke6 Rb7 53. h4 Kd4 54. Kd6 Ke4 55. Kc6 Rb8 56. a5 Kf3 57. a6 Kg4 58. a7 Rh8 59. Ng6 Rh6 60. Ndf4 Kf5 61. a8=Q Kg4 62. b7 Kg3 63. b8=Q Kh2 64. Qb2+ Kg3 65. Qg2# 1-0

[Event "Charlottetown Invitational"]
[Site "Charlottetown CAN"]
[Date "2000.08.02"]
[Round "2"]
[White "Gulati, Justin"]
[Black "Horton, Joe"]
[Result "0-1"]
[WhiteElo "2127"]
[BlackElo "2307"]
[PlyCount "80"]
[GameId "2160767911652934"]
[EventDate "2000.08.01"]
[EventType "tourn"]
[EventRounds "11"]
[EventCountry "CAN"]

1. e4 e5 2. Nf3 Nc6 3. Bb5 a6 4. Ba4 Nf6 5. O-O Be7 6. Re1 b5 7. Bb3 O-O 8. c3 d5 9. exd5 Nxd5 10. Nxe5 Nxe5 11. Rxe5 Nf6 12. d4 Bd6 13. Re1 Ng4 14. h3 Qh4 15. Qf3 Nxf2 16. Bd2 Bxh3 17. gxh3 Nxh3+ 18. Kf1 g5 19. Re4 Nf4 20. Bxf4 Bxf4 21. Na3 Kh8 22. Rae1 f5 23. Re6 Bd6 24. Ke2 g4 25. Qh1 Qg5 26. Qh6 Qxh6 27. Rxh6 f4 28. Reh1 Rae8+ 29. Be6 Re7 30. Kf2 Rg7 31. Nc2 g3+ 32. Kf3 g2 33. Rg1 Rg3+ 34. Kf2 f3 35. Bd5 Rg7 36. Bxf3 Bg3+ 37. Ke2 Re7+ 38. Kd1 Rxf3 39. Rxg2 Rf1+ 40. Kd2 Bf4+ 0-1

[Event "Charlottetown Invitational"]
[Site "Charlottetown CAN"]
[Date "2000.08.02"]
[Round "2"]
[White "Urquhart, Eddie"]
[Black "Mayo, Alvah"]
[Result "1/2-1/2"]
[WhiteElo "2221"]
[BlackElo "2192"]
[PlyCount "107"]
[GameId "2160767911652936"]
[EventDate "2000.08.01"]
[EventType "tourn"]
[EventRounds "11"]
[EventCountry "CAN"]

1. e4 g6 2. Nc3 Bg7 3. Bc4 d6 4. d3 Nf6 5. Bg5 c6 6. Bb3 b5 7. Qf3 Nbd7 8. d4 Bb7 9. O-O-O Qc7 10. e5 dxe5 11. d5 O-O 12. Nge2 Rac8 13. h4 cxd5 14. Nxb5 Qb6 15. Na3 Nc5 16. h5 Nxb3+ 17. axb3 h6 18. Bd2 Ne4 19. Be1 Qa6 20. Ng3 Nc5 21. Kb1 d4 22. Qg4 d3 23. c4 Bxg2 24. Rg1 f5 25. Nxf5 Rxf5 26. Rxg2 Rxh5 27. b4 Rg5 28. Qh3 Rxg2 29. Qxg2 Qa4 30. Rc1 Nb3 31. Qxg6 Kh8 32. Rd1 d2 33. Bxd2 Nxd2+ 34. Rxd2 Qxb4 35. Qc2 Rb8 36. c5 Qxa3 37. Rd8+ Rxd8 38. bxa3 Rb8+ 39. Kc1 Rc8 40. c6 Bf6 41. Qc4 Kg7 42. Qg4+ Bg5+ 43. f4 Rxc6+ 44. Kd1 exf4 45. Ke2 Kf6 46. Qd7 Re6+ 47. Kf2 a6 48. Qd4+ Kg6 49. Qd3+ Kg7 50. Qd4+ Rf6 51. Qe5 e6 52. Kf3 Kf7 53. Qc7+ Kg6 54. Qe5 1/2-1/2

[Event "Charlottetown Invitational"]
[Site "Charlottetown CAN"]
[Date "2000.08.02"]
[Round "3"]
[White "Horton, Joe"]
[Black "Urquhart, Eddie"]
[Result "1/2-1/2"]
[WhiteElo "2307"]
[BlackElo "2221"]
[PlyCount "88"]
[GameId "2160767911652937"]
[EventDate "2000.08.01"]
[EventType "tourn"]
[EventRounds "11"]
[EventCountry "CAN"]

1. e4 c6 2. d4 d5 3. Nc3 dxe4 4. Nxe4 Nf6 5. Ng3 g6 6. Nf3 Bg7 7. Bc4 O-O 8. Be3 Bg4 9. h3 Bxf3 10. Qxf3 Nbd7 11. O-O e6 12. Bb3 Nd5 13. Rad1 Nxe3 14. fxe3 Qc7 15. c3 a5 16. Rd2 a4 17. Bd1 c5 18. a3 b5 19. Ne4 h6 20. Be2 Rab8 21. Nxc5 Nxc5 22. dxc5 Qxc5 23. Rd7 f5 24. Rfd1 Rf7 25. Kh1 Rbf8 26. e4 Rxd7 27. Rxd7 Be5 28. exf5 Rxf5 29. Rd8+ Kg7 30. Qa8 Rf7 31. Rg8+ Kf6 32. Qd8+ Qe7 33. Qd3 Qc5 34. Rxg6+ Ke7 35. Qe4 Qd5 36. Qxd5 exd5 37. Bxb5 Rf2 38. g4 Rxb2 39. Bxa4 Bxc3 40. Rxh6 d4 41. Rc6 Ra2 42. Bb5 Rxa3 43. Kg2 Bd2 44. h4 Bf4 1/2-1/2

[Event "Charlottetown Invitational"]
[Site "Charlottetown CAN"]
[Date "2000.08.02"]
[Round "3"]
[White "Hua, Lefong"]
[Black "Bogle, Bill"]
[Result "1-0"]
[WhiteElo "2368"]
[BlackElo "2239"]
[PlyCount "69"]
[GameId "2160767911652938"]
[EventDate "2000.08.01"]
[EventType "tourn"]
[EventRounds "11"]
[EventCountry "CAN"]

1. c4 g6 2. Nc3 Bg7 3. g3 f5 4. Bg2 Nf6 5. d3 c6 6. e3 e5 7. Nge2 O-O 8. O-O Na6 9. Rb1 Kh8 10. b4 d5 11. cxd5 cxd5 12. f4 e4 13. Nd4 Nc7 14. Qb3 Re8 15. Rd1 Qe7 16. b5 Be6 17. Na4 b6 18. Nc6 Qd7 19. Ne5 Qc8 20. d4 Nd7 21. Qc3 Qb7 22. Ba3 Nxe5 23. dxe5 Bd7 24. Bf1 Ne6 25. Qd2 d4 26. exd4 a6 27. bxa6 Rxa6 28. Bxa6 Qxa6 29. Nxb6 Qxa3 30. Nxd7 e3 31. Qb2 Qa5 32. Nb6 Qa6 33. d5 Nc5 34. Qb5 Qxa2 35. Qxe8+ 1-0

[Event "Charlottetown Invitational"]
[Site "Charlottetown CAN"]
[Date "2000.08.02"]
[Round "3"]
[White "Langen, Roger"]
[Black "Eldridge, Mike"]
[Result "1-0"]
[WhiteElo "2214"]
[BlackElo "2058"]
[PlyCount "145"]
[GameId "2160767911652939"]
[EventDate "2000.08.01"]
[EventType "tourn"]
[EventRounds "11"]
[EventCountry "CAN"]

1. d4 Nf6 2. Bg5 d5 3. Nc3 e6 4. Bxf6 Qxf6 5. e4 Bb4 6. e5 Bxc3+ 7. bxc3 Qe7 8. h4 Qa3 9. Rh3 h5 10. Be2 g6 11. Rf3 Nc6 12. Nh3 Ne7 13. Ng5 Nf5 14. g3 Bd7 15. Kf1 Qe7 16. Rb1 Bc6 17. Bd3 a6 18. Kg1 Qd7 19. Bxf5 gxf5 20. Qc1 O-O-O 21. Qb2 Kb8 22. Re3 Ka8 23. Kh2 Rb8 24. Qb4 Bb5 25. Ree1 Bc4 26. Rb2 Ka7 27. Reb1 b6 28. a4 a5 29. Qa3 Rbe8 30. Re1 Rh6 31. Rbb1 f4 32. gxf4 f6 33. Nf3 Qh7 34. Qc1 Rg6 35. Qd2 Rg4 36. exf6 Qf5 37. Re5 Qxf6 38. Rbe1 Reg8 39. Rg5 R8xg5 40. hxg5 Qf8 41. Rxe6 Rxf4 42. Rf6 Rxf6 43. gxf6 Qxf6 44. Ne5 Bf1 45. Qe3 Qg7 46. Qg3 Qxg3+ 47. Kxg3 b5 48. axb5 Bxb5 49. f4 Kb7 50. f5 Kc8 51. f6 Kd8 52. Kh4 a4 53. f7 Ke7 54. Kxh5 Be8 55. fxe8=Q+ Kxe8 56. Nd3 a3 57. Nc1 Kd7 58. Kg5 Kd6 59. Kf5 Kd7 60. Ke5 c6 61. Na2 Ke7 62. Nb4 Kd7 63. Kf5 Kd6 64. Kf6 Kd7 65. Ke5 Kc7 66. Ke6 Kb6 67. Kd6 Kb5 68. Na2 Kb6 69. Kd7 Kb5 70. Kc7 c5 71. Kd6 cxd4 72. cxd4 Kc4 73. Ke5 1-0

[Event "Charlottetown Invitational"]
[Site "Charlottetown CAN"]
[Date "2000.08.02"]
[Round "3"]
[White "Mayo, Alvah"]
[Black "Cooper, Aaron"]
[Result "1/2-1/2"]
[WhiteElo "2192"]
[BlackElo "1985"]
[PlyCount "108"]
[GameId "2160767911652941"]
[EventDate "2000.08.01"]
[EventType "tourn"]
[EventRounds "11"]
[EventCountry "CAN"]

1. d4 g6 2. e4 Bg7 3. Nf3 c6 4. Bd3 d5 5. e5 Nh6 6. c3 O-O 7. Nbd2 f6 8. exf6 exf6 9. O-O Bf5 10. Nb3 Bxd3 11. Qxd3 Nd7 12. Bxh6 Bxh6 13. Nc5 Nxc5 14. dxc5 Qd7 15. a4 Rfe8 16. c4 Rad8 17. Rfd1 Qe7 18. b4 dxc4 19. Qxc4+ Qf7 20. Qc2 Bg7 21. Rd3 h6 22. h3 f5 23. Rad1 Rxd3 24. Rxd3 g5 25. Kf1 Re4 26. Qb3 Qxb3 27. Rxb3 a5 28. bxa5 Rxa4 29. Ne1 Rxa5 30. Nd3 Rb5 31. Rxb5 cxb5 32. Ke1 Kf7 33. Kd2 Ke6 34. Nb4 Bd4 35. f3 Bxc5 36. Na2 Ke5 37. Nc1 Bd6 38. Kd3 Kd5 39. Nb3 Be5 40. Na5 b6 41. Nb3 b4 42. Nd2 b5 43. Nb3 Bc3 44. Na5 Ke5 45. Ke3 Bd4+ 46. Ke2 Kf4 47. Nb3 Bb6 48. Nc1 Kg3 49. Kf1 h5 50. Ne2+ Kh2 51. Nc1 Be3 52. Nb3 Kg3 53. Na5 Kf4 54. Ke2 Bd4 1/2-1/2

[Event "Charlottetown Invitational"]
[Site "Charlottetown CAN"]
[Date "2000.08.02"]
[Round "3"]
[White "Reddy, Tyler"]
[Black "Gulati, Justin"]
[Result "1-0"]
[WhiteElo "2064"]
[BlackElo "2127"]
[PlyCount "39"]
[GameId "2160767911652942"]
[EventDate "2000.08.01"]
[EventType "tourn"]
[EventRounds "11"]
[EventCountry "CAN"]

1. c4 e5 2. g3 Nc6 3. Bg2 g6 4. Nc3 Bg7 5. e3 d6 6. Nge2 Nge7 7. O-O Be6 8. b3 Qd7 9. Bb2 O-O 10. d4 exd4 11. Nxd4 Nxd4 12. exd4 d5 13. cxd5 Nxd5 14. Ne4 b6 15. Re1 h6 16. Rc1 f5 17. Nd2 f4 18. Qc2 Rae8 19. Qc6 Rf7 20. Bxd5 1-0

[Event "Charlottetown Invitational"]
[Site "Charlottetown CAN"]
[Date "2000.08.03"]
[Round "3"]
[White "Bogle, Bill"]
[Black "Mayo, Alvah"]
[Result "0-1"]
[WhiteElo "2239"]
[BlackElo "2192"]
[PlyCount "70"]
[GameId "2160767911652943"]
[EventDate "2000.08.01"]
[EventType "tourn"]
[EventRounds "11"]
[EventCountry "CAN"]

1. e4 g6 2. d4 Bg7 3. Nc3 c5 4. dxc5 Qa5 5. Bd3 Qxc5 6. Nge2 Nf6 7. O-O O-O 8. Be3 Qa5 9. b4 Qxb4 10. Rb1 Qa5 11. Rb5 Qd8 12. h3 d6 13. f4 Nbd7 14. e5 Ne8 15. Be4 Nc7 16. Rb3 dxe5 17. f5 gxf5 18. Rxf5 Nf6 19. Rxe5 Nxe4 20. Rxe4 Qxd1+ 21. Nxd1 Ne6 22. Rb5 b6 23. Rh5 Bf6 24. Nf2 Ng7 25. Rh6 Nf5 26. Rh5 Nxe3 27. Rxe3 Be6 28. Ng4 Bg7 29. Rg3 Kh8 30. Nf4 Bxa2 31. Nh6 Rac8 32. Nf5 Bf6 33. Rh6 Rg8 34. Rg4 Rxg4 35. hxg4 Bg5 0-1

[Event "Charlottetown Invitational"]
[Site "Charlottetown CAN"]
[Date "2000.08.03"]
[Round "4"]
[White "Cooper, Aaron"]
[Black "Horton, Joe"]
[Result "1-0"]
[WhiteElo "1985"]
[BlackElo "2307"]
[PlyCount "73"]
[GameId "2160767911652945"]
[EventDate "2000.08.01"]
[EventType "tourn"]
[EventRounds "11"]
[EventCountry "CAN"]

1. e4 e5 2. Bc4 Nf6 3. d3 d5 4. exd5 Nxd5 5. Nf3 Nc6 6. O-O Be6 7. Re1 Bd6 8. d4 Ne3 9. Bxe3 Bxc4 10. dxe5 Bb4 11. Nbd2 Bd5 12. c3 Be7 13. Qc2 Qd7 14. h3 O-O-O 15. Rad1 g5 16. Bxg5 Rhg8 17. e6 Bxe6 18. Ne4 Qe8 19. Bxe7 Qxe7 20. Rxd8+ Qxd8 21. Ng3 h5 22. Qa4 Qd5 23. Rd1 Qc5 24. Qh4 Qb5 25. Nd4 Nxd4 26. Qxd4 Qxb2 27. Qxa7 Qxa2 28. Qxa2 Bxa2 29. Ra1 Rxg3 30. fxg3 Be6 31. Kf2 Kd7 32. Ra5 f5 33. Kf3 Kd6 34. Kf4 c5 35. Kg5 Kd5 36. Kxh5 Kc4 37. Kg5 1-0